[Event "European Women's Chess Club Cup 2023"]
[Site "Durres, Albania"]
[Date "2023.10.05"]
[Round "5.15"]
[White "Injac, Teodora"]
[Black "Radeva, Viktoria"]
[Result "1-0"]
[TimeControl "90' + 30' & 30\""]
[WhiteElo "2426"]
[BlackElo "2293"]

1. Nf3 {[%clk 01:30:57]} {[%emt 00:00:03]} Nf6 {[%clk 01:30:26]} {[%emt
00:00:35]} 2. g3 {[%clk 01:28:31]} {[%emt 00:02:55]} d5 {[%clk 01:30:39]}
{[%emt 00:00:17]} 3. Bg2 {[%clk 01:28:49]} {[%emt 00:00:11]} e6 {[%clk
01:30:55]} {[%emt 00:00:15]} 4. c4 {[%clk 01:28:38]} {[%emt 00:00:41]} d4
{[%clk 01:29:44]} {[%emt 00:01:42]} 5. d3 {[%clk 01:28:20]} {[%emt 00:00:47]}
c5 {[%clk 01:29:44]} {[%emt 00:00:30]} 6. e4 {[%clk 01:28:04]} {[%emt
00:00:45]} Nc6 {[%clk 01:29:01]} {[%emt 00:01:14]} 7. e5 {[%clk 01:27:45]}
{[%emt 00:00:49]} Nd7 {[%clk 01:27:41]} {[%emt 00:01:50]} 8. Bf4 {[%clk
01:28:03]} {[%emt 00:00:12]} Be7 {[%clk 01:26:48]} {[%emt 00:01:23]} 9. h4
{[%clk 01:28:16]} {[%emt 00:00:17]} Qc7 {[%clk 01:17:44]} {[%emt 00:09:34]} 10.
Nbd2 {[%clk 01:25:49]} {[%emt 00:02:57]} Ndxe5 {[%clk 00:58:07]} {[%emt
00:20:08]} 11. Nxe5 {[%clk 01:24:13]} {[%emt 00:02:06]} Nxe5 {[%clk 00:58:27]}
{[%emt 00:00:10]} 12. O-O {[%clk 01:24:00]} {[%emt 00:00:43]} f5 {[%clk
00:38:51]} {[%emt 00:20:06]} 13. b4 {[%clk 01:10:50]} {[%emt 00:13:39]} Bd6
{[%clk 00:22:53]} {[%emt 00:16:28]} 14. bxc5 {[%clk 01:06:19]} {[%emt
00:05:01]} Qxc5 {[%clk 00:23:19]} {[%emt 00:00:05]} 15. Nb3 {[%clk 01:05:49]}
{[%emt 00:00:59]} Qb4 {[%clk 00:21:38]} {[%emt 00:02:11]} 16. Nxd4 {[%clk
00:59:58]} {[%emt 00:06:21]} Nf7 {[%clk 00:19:52]} {[%emt 00:02:16]} 17. Rb1
{[%clk 00:55:07]} {[%emt 00:05:21]} Qc5 {[%clk 00:15:20]} {[%emt 00:05:01]} 18.
Be3 {[%clk 00:47:40]} {[%emt 00:07:58]} Qc7 {[%clk 00:08:23]} {[%emt 00:07:27]}
19. Nb5 {[%clk 00:45:58]} {[%emt 00:02:11]} Qd7 {[%clk 00:07:55]} {[%emt
00:00:59]} 20. Nxa7 {[%clk 00:36:27]} {[%emt 00:10:02]} Nd8 {[%clk 00:05:42]}
{[%emt 00:02:42]} 21. Nxc8 {[%clk 00:26:14]} {[%emt 00:10:43]} Qxc8 {[%clk
00:06:02]} {[%emt 00:00:10]} 22. Qb3 {[%clk 00:22:44]} {[%emt 00:04:01]} O-O
{[%clk 00:03:32]} {[%emt 00:02:59]} 23. c5 {[%clk 00:22:04]} {[%emt 00:01:10]}
f4 {[%clk 00:02:52]} {[%emt 00:01:11]} 24. cxd6 {[%clk 00:21:19]} {[%emt
00:01:15]} fxe3 {[%clk 00:03:14]} {[%emt 00:00:07]} 25. fxe3 {[%clk 00:21:11]}
{[%emt 00:00:38]} Rxf1+ {[%clk 00:03:17]} {[%emt 00:00:27]} 26. Rxf1 {[%clk
00:16:29]} {[%emt 00:05:12]} Qc5 {[%clk 00:03:36]} {[%emt 00:00:12]} 27. d4
{[%clk 00:16:16]} {[%emt 00:00:42]} Qxd6 {[%clk 00:03:57]} {[%emt 00:00:10]} 28.
Qb5 {[%clk 00:15:59]} {[%emt 00:00:47]} Qe7 {[%clk 00:03:02]} {[%emt 00:01:25]}
29. a4 {[%clk 00:15:11]} {[%emt 00:01:18]} h6 {[%clk 00:02:44]} {[%emt
00:00:47]} 30. Be4 {[%clk 00:09:00]} {[%emt 00:06:41]} Nf7 {[%clk 00:01:52]}
{[%emt 00:01:23]} 31. Qh5 {[%clk 00:05:40]} {[%emt 00:03:49]} Nd6 {[%clk
00:01:43]} {[%emt 00:00:39]} 32. Bc2 {[%clk 00:05:58]} {[%emt 00:00:12]} Rc8
{[%clk 00:01:21]} {[%emt 00:00:53]} 33. Qg6 {[%clk 00:05:53]} {[%emt 00:00:34]}
Nf5 {[%clk 00:01:37]} {[%emt 00:00:14]} 34. Bb3 {[%clk 00:05:54]} {[%emt
00:00:30]} Qd6 {[%clk 00:00:33]} {[%emt 00:01:34]} 35. Qxe6+ {[%clk 00:05:41]}
{[%emt 00:00:42]} 1-0

[Event "European Women's Chess Club Cup 2023"]
[Site "Durres, Albania"]
[Date "2023.10.05"]
[Round "5.16"]
[White "Gajcin, Marina"]
[Black "Gaal, Zsoka"]
[Result "0-1"]
[TimeControl "90' + 30' & 30\""]
[WhiteElo "2225"]
[BlackElo "2305"]

1. e4 {[%clk 01:30:57]} {[%emt 00:00:02]} e5 {[%clk 01:30:43]} {[%emt
00:00:18]} 2. Nf3 {[%clk 01:31:21]} {[%emt 00:00:06]} Nc6 {[%clk 01:31:02]}
{[%emt 00:00:11]} 3. Bb5 {[%clk 01:31:44]} {[%emt 00:00:06]} a6 {[%clk
01:31:17]} {[%emt 00:00:15]} 4. Ba4 {[%clk 01:32:10]} {[%emt 00:00:05]} Nf6
{[%clk 01:31:07]} {[%emt 00:00:40]} 5. O-O {[%clk 01:32:32]} {[%emt 00:00:07]}
Be7 {[%clk 01:28:33]} {[%emt 00:03:05]} 6. Re1 {[%clk 01:32:23]} {[%emt
00:00:38]} b5 {[%clk 01:28:22]} {[%emt 00:00:42]} 7. Bb3 {[%clk 01:32:47]}
{[%emt 00:00:05]} d6 {[%clk 01:27:07]} {[%emt 00:01:45]} 8. c3 {[%clk
01:30:38]} {[%emt 00:02:39]} O-O {[%clk 01:27:25]} {[%emt 00:00:12]} 9. h3
{[%clk 01:28:48]} {[%emt 00:02:21]} Bb7 {[%clk 01:26:42]} {[%emt 00:01:13]} 10.
d4 {[%clk 01:23:18]} {[%emt 00:05:59]} Re8 {[%clk 01:26:38]} {[%emt 00:00:35]}
11. a4 {[%clk 01:09:28]} {[%emt 00:14:19]} Bf8 {[%clk 01:22:30]} {[%emt
00:04:39]} 12. Nbd2 {[%clk 01:02:19]} {[%emt 00:07:39]} h6 {[%clk 01:14:40]}
{[%emt 00:08:21]} 13. d5 {[%clk 00:55:30]} {[%emt 00:07:18]} Nb8 {[%clk
01:03:15]} {[%emt 00:11:55]} 14. Nf1 {[%clk 00:42:18]} {[%emt 00:13:42]} c6
{[%clk 01:00:10]} {[%emt 00:03:35]} 15. dxc6 {[%clk 00:42:07]} {[%emt
00:00:41]} Bxc6 {[%clk 00:58:47]} {[%emt 00:01:54]} 16. Ng3 {[%clk 00:42:23]}
{[%emt 00:00:13]} Nbd7 {[%clk 00:56:46]} {[%emt 00:02:31]} 17. Bc2 {[%clk
00:38:49]} {[%emt 00:04:03]} Nc5 {[%clk 00:46:58]} {[%emt 00:10:18]} 18. b4
{[%clk 00:34:11]} {[%emt 00:05:08]} Nxa4 {[%clk 00:44:36]} {[%emt 00:02:53]} 19.
Bxa4 {[%clk 00:33:35]} {[%emt 00:01:05]} bxa4 {[%clk 00:44:59]} {[%emt
00:00:07]} 20. c4 {[%clk 00:32:38]} {[%emt 00:01:27]} Qb6 {[%clk 00:38:39]}
{[%emt 00:07:28]} 21. Ba3 {[%clk 00:27:52]} {[%emt 00:05:39]} Rac8 {[%clk
00:31:43]} {[%emt 00:07:26]} 22. Nd2 {[%clk 00:25:13]} {[%emt 00:03:09]} g6
{[%clk 00:29:41]} {[%emt 00:02:32]} 23. Rb1 {[%clk 00:16:11]} {[%emt 00:09:32]}
h5 {[%clk 00:25:30]} {[%emt 00:04:41]} 24. Qf3 {[%clk 00:13:17]} {[%emt
00:03:24]} Nh7 {[%clk 00:24:45]} {[%emt 00:01:13]} 25. Qd3 {[%clk 00:11:38]}
{[%emt 00:02:11]} Ng5 {[%clk 00:22:54]} {[%emt 00:02:21]} 26. Ne2 {[%clk
00:07:53]} {[%emt 00:04:15]} Ne6 {[%clk 00:22:14]} {[%emt 00:01:11]} 27. Nf1
{[%clk 00:07:10]} {[%emt 00:01:12]} Ng5 {[%clk 00:14:10]} {[%emt 00:08:34]} 28.
Nd2 {[%clk 00:06:51]} {[%emt 00:00:49]} h4 {[%clk 00:13:43]} {[%emt 00:00:57]}
29. c5 {[%clk 00:04:06]} {[%emt 00:03:14]} dxc5 {[%clk 00:12:41]} {[%emt
00:01:33]} 30. bxc5 {[%clk 00:03:41]} {[%emt 00:00:55]} Qa7 {[%clk 00:11:17]}
{[%emt 00:01:54]} 31. Nc3 {[%clk 00:01:10]} {[%emt 00:03:02]} Ne6 {[%clk
00:08:57]} {[%emt 00:02:50]} 32. Nd5 {[%clk 00:01:20]} {[%emt 00:00:20]} Bxd5
{[%clk 00:08:41]} {[%emt 00:00:45]} 33. exd5 {[%clk 00:01:49]} {[%emt
00:00:02]} Nxc5 {[%clk 00:06:05]} {[%emt 00:03:05]} 34. Bxc5 {[%clk 00:00:44]}
{[%emt 00:01:35]} Bxc5 {[%clk 00:06:30]} {[%emt 00:00:05]} 35. Ne4 {[%clk
00:01:01]} {[%emt 00:00:13]} Kg7 {[%clk 00:06:14]} {[%emt 00:00:46]} 36. d6
{[%clk 00:01:05]} {[%emt 00:00:26]} Bd4 {[%clk 00:05:56]} {[%emt 00:00:48]} 37.
Rec1 {[%clk 00:00:38]} {[%emt 00:00:57]} Qd7 {[%clk 00:05:08]} {[%emt
00:01:18]} 38. Qxa6 {[%clk 00:00:57]} {[%emt 00:00:12]} Ra8 {[%clk 00:04:57]}
{[%emt 00:00:41]} 39. Qe2 {[%clk 00:00:59]} {[%emt 00:00:27]} a3 {[%clk
00:04:37]} {[%emt 00:00:50]} 40. Rc2 {[%clk 00:00:34]} {[%emt 00:00:55]} Qe6
{[%clk 00:01:18]} {[%emt 00:03:48]} 41. Ng5 {[%clk 00:21:23]} {[%emt 00:09:42]}
Qf5 {[%clk 00:29:12]} {[%emt 00:02:36]} 42. Rb7 {[%clk 00:12:30]} {[%emt
00:09:22]} Qxg5 {[%clk 00:25:54]} {[%emt 00:03:49]} 43. Rcc7 {[%clk 00:09:03]}
{[%emt 00:03:57]} Rf8 {[%clk 00:25:31]} {[%emt 00:00:53]} 44. Qa2 {[%clk
00:03:30]} {[%emt 00:06:03]} Qf5 {[%clk 00:25:43]} {[%emt 00:00:17]} 45. d7
{[%clk 00:03:32]} {[%emt 00:00:29]} Qxf2+ {[%clk 00:25:40]} {[%emt 00:00:34]}
46. Qxf2 {[%clk 00:03:57]} {[%emt 00:00:04]} Bxf2+ {[%clk 00:26:02]} {[%emt
00:00:07]} 47. Kxf2 {[%clk 00:04:06]} {[%emt 00:00:22]} a2 {[%clk 00:26:26]}
{[%emt 00:00:06]} 48. d8=Q {[%clk 00:03:06]} {[%emt 00:01:30]} Rfxd8 {[%clk
00:26:46]} {[%emt 00:00:10]} 49. Rxf7+ {[%clk 00:02:40]} {[%emt 00:00:56]} Kh6
{[%clk 00:27:10]} {[%emt 00:00:06]} 50. Rb4 {[%clk 00:00:36]} {[%emt 00:02:34]}
Rd4 {[%clk 00:26:59]} {[%emt 00:00:41]} 0-1

[Event "European Women's Chess Club Cup 2023"]
[Site "Durres, Albania"]
[Date "2023.10.05"]
[Round "5.17"]
[White "Guichard, Pauline"]
[Black "Muzychuk, Mariya"]
[Result "0-1"]
[TimeControl "90' + 30' & 30\""]
[WhiteElo "2358"]
[BlackElo "2519"]

1. d4 {[%clk 01:30:56]} {[%emt 00:00:03]} Nf6 {[%clk 01:30:56]} {[%emt
00:00:05]} 2. c4 {[%clk 01:31:21]} {[%emt 00:00:05]} e6 {[%clk 01:31:16]}
{[%emt 00:00:11]} 3. Nc3 {[%clk 01:31:43]} {[%emt 00:00:07]} Bb4 {[%clk
01:30:19]} {[%emt 00:01:27]} 4. e3 {[%clk 01:31:55]} {[%emt 00:00:18]} O-O
{[%clk 01:30:44]} {[%emt 00:00:05]} 5. Bd3 {[%clk 01:32:15]} {[%emt 00:00:10]}
c5 {[%clk 01:30:52]} {[%emt 00:00:22]} 6. Nge2 {[%clk 01:32:05]} {[%emt
00:00:40]} d5 {[%clk 01:29:59]} {[%emt 00:01:24]} 7. cxd5 {[%clk 01:30:42]}
{[%emt 00:01:53]} cxd4 {[%emt 00:01:59]} 8. exd4 {[%clk 01:29:59]} {[%emt
00:00:36]} Nxd5 {[%clk 01:28:53]} {[%emt 00:00:43]} 9. O-O {[%clk 01:29:00]}
{[%emt 00:01:30]} Nc6 {[%clk 01:27:25]} {[%emt 00:01:56]} 10. a3 {[%emt
00:05:58]} Be7 {[%emt 00:02:59]} 11. Bc2 {[%emt 00:02:47]} b6 {[%clk 01:19:08]}
{[%emt 00:03:00]} 12. Qd3 {[%clk 01:18:15]} {[%emt 00:06:49]} g6 {[%emt
00:19:51]} 13. Bh6 {[%emt 00:00:09]} Re8 {[%emt 00:00:31]} 14. Ba4 {[%emt
00:05:56]} Bb7 {[%clk 01:14:37]} {[%emt 00:00:56]} 15. Rac1 {[%emt 00:04:41]}
Rc8 {[%clk 01:09:05]} {[%emt 00:03:30]} 16. Rfd1 {[%clk 00:56:12]} {[%emt
00:00:32]} a6 {[%emt 00:10:58]} 17. b4 {[%emt 00:24:34]} Bg5 {[%emt 00:02:17]}
18. Bxg5 {[%clk 00:44:07]} {[%emt 00:01:07]} Qxg5 {[%emt 00:00:43]} 19. Nxd5
{[%clk 00:39:12]} {[%emt 00:04:56]} Qxd5 {[%emt 00:04:26]} 20. Nc3 {[%clk
00:35:44]} {[%emt 00:02:54]} Qg5 {[%emt 00:12:14]} 21. Qe3 {[%emt 00:00:36]}
Qxe3 {[%clk 00:33:29]} {[%emt 00:05:12]} 22. fxe3 {[%emt 00:00:48]} Red8 {[%clk
00:32:56]} {[%emt 00:00:22]} 23. Bb3 {[%clk 00:18:34]} {[%emt 00:09:39]} Ne7
{[%clk 00:31:26]} {[%emt 00:02:00]} 24. Na4 {[%clk 00:17:42]} {[%emt 00:01:23]}
Bd5 {[%clk 00:30:56]} {[%emt 00:00:59]} 25. Bxd5 {[%clk 00:13:11]} {[%emt
00:05:02]} Nxd5 {[%clk 00:31:11]} {[%emt 00:00:16]} 26. Kf2 {[%clk 00:13:12]}
{[%emt 00:00:28]} f5 {[%clk 00:30:41]} {[%emt 00:01:00]} 27. Ke2 {[%emt
00:05:16]} Kf7 {[%emt 00:00:29]} 28. Kd3 {[%emt 00:01:53]} e5 {[%emt 00:04:37]}
29. Nc3 {[%clk 00:04:32]} {[%emt 00:02:46]} Nxc3 30. Rxc3 {[%emt 00:00:25]}
Rxc3+ {[%clk 00:27:45]} {[%emt 00:00:10]} 31. Kxc3 {[%clk 00:04:57]} {[%emt
00:00:04]} Ke6 {[%clk 00:28:05]} {[%emt 00:00:10]} 32. Kd3 {[%clk 00:02:57]}
{[%emt 00:02:30]} Rc8 {[%emt 00:03:02]} 33. h4 {[%emt 00:00:34]} Kd5 {[%clk
00:26:41]} {[%emt 00:00:55]} 34. dxe5 {[%clk 00:01:10]} {[%emt 00:00:41]} Kxe5
{[%clk 00:27:05]} {[%emt 00:00:07]} 35. Ke2 {[%emt 00:02:48]} Ke6 {[%clk
00:15:50]} {[%emt 00:09:37]} 36. Kf3 {[%clk 00:00:49]} {[%emt 00:00:40]} Rc3
{[%clk 00:14:45]} {[%emt 00:01:35]} 37. Rd8 {[%clk 00:00:34]} {[%emt 00:00:45]}
Rxa3 {[%clk 00:14:54]} {[%emt 00:00:21]} 38. Rb8 {[%emt 00:01:01]} b5 {[%emt
00:00:14]} 39. Rh8 {[%emt 00:05:00]} h5 {[%clk 00:09:02]} {[%emt 00:01:32]} 40.
Rg8 {[%emt 00:03:42]} Kf7 {[%emt 00:07:10]} 41. Rb8 {[%clk 00:26:25]} {[%emt
00:01:29]} Ra4 {[%clk 00:31:52]} {[%emt 00:01:03]} 42. Rb7+ {[%clk 00:25:59]}
{[%emt 00:00:56]} Kf6 {[%clk 00:31:59]} {[%emt 00:00:23]} 43. Rb6+ {[%clk
00:26:15]} {[%emt 00:00:13]} Kg7 {[%emt 00:02:24]} 44. g3 {[%clk 00:23:47]}
{[%emt 00:00:36]} Rxb4 {[%clk 00:32:44]} {[%emt 00:00:14]} 45. Rxa6 {[%clk
00:24:11]} {[%emt 00:00:06]} Rg4 {[%emt 00:06:43]} 46. Re6 {[%clk 00:15:14]}
{[%emt 00:03:44]} Kf7 47. Re5 {[%emt 00:03:13]} b4 {[%clk 00:30:23]} {[%emt
00:00:08]} 48. Rd5 {[%emt 00:01:24]} Ke6 {[%clk 00:29:35]} {[%emt 00:00:24]} 49.
Rd8 {[%clk 00:15:22]} {[%emt 00:00:21]} Ke5 {[%clk 00:29:45]} {[%emt 00:00:21]}
50. Rd7 {[%clk 00:15:14]} {[%emt 00:00:38]} Rc4 {[%emt 00:01:19]} 51. Ke2
{[%emt 00:01:24]} Rc1 {[%emt 00:00:12]} 52. Rb7 {[%emt 00:03:13]} Rb1 {[%emt
00:07:22]} 53. Rb6 {[%emt 00:00:36]} b3 {[%clk 00:28:20]} {[%emt 00:00:08]} 54.
Kd3 {[%emt 00:02:29]} b2 {[%clk 00:26:05]} {[%emt 00:00:20]} 55. Rb5+ {[%clk
00:04:35]} {[%emt 00:02:15]} Ke6 {[%emt 00:04:09]} 56. Rb6+ {[%emt 00:00:34]}
Kd5 {[%emt 00:00:32]} 57. Rb5+ {[%emt 00:00:32]} Kc6 {[%emt 00:00:40]} 58. Rb8
{[%emt 00:00:31]} Rd1+ {[%emt 00:00:05]} 59. Kc2 {[%clk 00:02:38]} {[%emt
00:00:02]} b1=Q+ {[%clk 00:25:24]} {[%emt 00:00:03]} 0-1

[Event "European Women's Chess Club Cup 2023"]
[Site "Durres, Albania"]
[Date "2023.10.05"]
[Round "5.18"]
[White "Muzychuk, Anna"]
[Black "Gaponenko, Inna"]
[Result "1-0"]
[TimeControl "90' + 30' & 30\""]
[WhiteElo "2510"]
[BlackElo "2332"]

1. e4 {[%clk 01:30:57]} {[%emt 00:00:03]} e6 {[%clk 01:30:55]} {[%emt
00:00:05]} 2. d4 {[%clk 01:30:35]} {[%emt 00:00:53]} d5 {[%clk 01:31:19]}
{[%emt 00:00:05]} 3. Nc3 {[%clk 01:29:43]} {[%emt 00:01:22]} dxe4 {[%clk
01:31:40]} {[%emt 00:00:09]} 4. Nxe4 {[%clk 01:30:03]} {[%emt 00:00:11]} Nd7
{[%emt 00:06:01]} 5. Nf3 {[%clk 01:22:44]} {[%emt 00:01:55]} Ngf6 {[%clk
01:32:17]} {[%emt 00:00:16]} 6. Nxf6+ {[%clk 01:22:32]} {[%emt 00:00:42]} Nxf6
{[%clk 01:32:40]} {[%emt 00:00:07]} 7. g3 {[%emt 00:55:05]} Bd7 {[%clk
00:31:05]} {[%emt 00:07:51]} 8. Ne5 {[%clk 01:19:29]} {[%emt 00:03:12]} Be7
{[%clk 00:30:12]} {[%emt 00:01:23]} 9. Bg2 {[%clk 01:19:28]} {[%emt 00:00:31]}
Rb8 {[%clk 00:30:31]} {[%emt 00:00:10]} 10. O-O {[%clk 01:18:48]} {[%emt
00:01:10]} O-O {[%emt 00:00:55]} 11. c4 {[%clk 01:18:07]} {[%emt 00:00:20]} Be8
{[%clk 00:28:06]} {[%emt 00:03:22]} 12. Be3 {[%clk 01:15:26]} {[%emt 00:03:11]}
Nd7 {[%clk 00:25:57]} {[%emt 00:02:39]} 13. Nd3 {[%clk 01:04:18]} {[%emt
00:11:38]} b5 {[%clk 00:16:08]} {[%emt 00:10:19]} 14. b3 {[%clk 00:51:40]}
{[%emt 00:13:08]} bxc4 {[%clk 00:05:27]} {[%emt 00:11:11]} 15. bxc4 {[%clk
00:52:07]} {[%emt 00:00:02]} Nb6 {[%clk 00:05:35]} {[%emt 00:00:23]} 16. Rc1
{[%clk 00:51:22]} {[%emt 00:01:15]} Qc8 {[%clk 00:03:22]} {[%emt 00:02:43]} 17.
Qe2 {[%clk 00:35:18]} {[%emt 00:16:34]} Qa6 {[%clk 00:02:25]} {[%emt 00:01:27]}
18. d5 {[%clk 00:34:56]} {[%emt 00:00:52]} Qc8 {[%clk 00:00:38]} {[%emt
00:02:17]} 19. Bd4 {[%clk 00:32:55]} {[%emt 00:02:32]} Bd7 {[%clk 00:00:44]}
{[%emt 00:00:24]} 20. c5 {[%clk 00:32:36]} {[%emt 00:00:48]} Na4 {[%emt
00:01:42]} 21. d6 {[%clk 00:31:44]} {[%emt 00:00:12]} 1-0

[Event "European Women's Chess Club Cup 2023"]
[Site "Durres, Albania"]
[Date "2023.10.05"]
[Round "5.19"]
[White "Iglesias, Yosha"]
[Black "Khademalsharieh, Sarasadat"]
[Result "1/2-1/2"]
[TimeControl "90' + 30' & 30\""]
[WhiteElo "2259"]
[BlackElo "2476"]

1. d4 {[%clk 01:29:32]} {[%emt 00:01:27]} d5 {[%clk 01:30:32]} {[%emt
00:00:28]} 2. Nf3 {[%clk 01:29:55]} {[%emt 00:00:06]} Nf6 {[%clk 01:30:52]}
{[%emt 00:00:11]} 3. Bf4 {[%clk 01:30:20]} {[%emt 00:00:05]} e6 {[%clk
01:30:24]} {[%emt 00:00:59]} 4. e3 {[%clk 01:30:05]} {[%emt 00:00:44]} c5
{[%clk 01:30:26]} {[%emt 00:00:28]} 5. Nbd2 {[%clk 01:30:10]} {[%emt 00:00:24]}
cxd4 {[%clk 01:29:40]} {[%emt 00:01:17]} 6. exd4 {[%clk 01:30:08]} {[%emt
00:00:32]} Qb6 {[%clk 01:30:02]} {[%emt 00:00:08]} 7. Nb3 {[%clk 01:20:02]}
{[%emt 00:10:36]} Bd7 {[%clk 01:14:59]} {[%emt 00:15:34]} 8. a4 {[%clk
01:18:33]} {[%emt 00:01:58]} Bd6 {[%clk 01:07:13]} {[%emt 00:08:16]} 9. a5
{[%clk 01:11:43]} {[%emt 00:07:21]} Qc7 {[%clk 01:07:22]} {[%emt 00:00:21]} 10.
Bxd6 {[%clk 01:10:28]} {[%emt 00:01:44]} Qxd6 {[%clk 01:07:47]} {[%emt
00:00:05]} 11. Bd3 {[%clk 01:09:45]} {[%emt 00:01:13]} Bc6 {[%clk 01:04:50]}
{[%emt 00:03:27]} 12. Ne5 {[%clk 01:01:14]} {[%emt 00:09:01]} Nbd7 {[%clk
01:04:32]} {[%emt 00:00:49]} 13. Nxd7 {[%clk 00:59:57]} {[%emt 00:01:46]} Nxd7
{[%clk 01:03:41]} {[%emt 00:01:20]} 14. O-O {[%clk 01:00:07]} {[%emt 00:00:21]}
O-O {[%clk 01:03:39]} {[%emt 00:00:32]} 15. Re1 {[%clk 00:57:52]} {[%emt
00:02:44]} Rae8 {[%clk 00:45:05]} {[%emt 00:19:05]} 16. Qh5 {[%clk 00:53:43]}
{[%emt 00:04:38]} g6 {[%clk 00:38:49]} {[%emt 00:06:47]} 17. Qh4 {[%clk
00:53:48]} {[%emt 00:00:26]} Qb4 {[%clk 00:32:25]} {[%emt 00:06:53]} 18. Qg3
{[%clk 00:38:44]} {[%emt 00:15:34]} Ba4 {[%clk 00:28:58]} {[%emt 00:03:57]} 19.
Nc5 {[%clk 00:35:53]} {[%emt 00:03:20]} Nxc5 {[%clk 00:29:15]} {[%emt
00:00:14]} 20. dxc5 {[%clk 00:31:13]} {[%emt 00:05:11]} Bc6 {[%clk 00:28:50]}
{[%emt 00:00:54]} 21. h4 {[%clk 00:25:03]} {[%emt 00:06:39]} Qxc5 {[%clk
00:19:31]} {[%emt 00:09:50]} 22. h5 {[%clk 00:24:49]} {[%emt 00:00:44]} Qe7
{[%clk 00:19:04]} {[%emt 00:00:57]} 23. f4 {[%clk 00:24:06]} {[%emt 00:01:12]}
Kh8 {[%clk 00:14:43]} {[%emt 00:04:52]} 24. hxg6 {[%clk 00:21:50]} {[%emt
00:02:46]} fxg6 {[%clk 00:12:07]} {[%emt 00:03:06]} 25. Re5 {[%clk 00:20:52]}
{[%emt 00:01:29]} Qc5+ {[%clk 00:11:13]} {[%emt 00:01:23]} 26. Kh2 {[%clk
00:20:49]} {[%emt 00:00:33]} Rf6 {[%clk 00:11:02]} {[%emt 00:00:41]} 27. a6
{[%clk 00:16:56]} {[%emt 00:04:23]} b6 {[%clk 00:10:59]} {[%emt 00:00:33]} 28.
Rae1 {[%clk 00:13:41]} {[%emt 00:03:45]} Qf8 {[%clk 00:05:54]} {[%emt
00:05:35]} 29. Qg5 {[%clk 00:11:55]} {[%emt 00:02:16]} Bd7 {[%clk 00:04:24]}
{[%emt 00:02:01]} 30. g3 {[%clk 00:07:38]} {[%emt 00:04:46]} Kg7 {[%clk
00:02:29]} {[%emt 00:02:25]} 31. Rh1 {[%clk 00:06:49]} {[%emt 00:01:18]} Re7
{[%clk 00:01:48]} {[%emt 00:01:12]} 32. Kg2 {[%clk 00:06:54]} {[%emt 00:00:25]}
Kg8 {[%clk 00:02:10]} {[%emt 00:00:08]} 33. Rhe1 {[%clk 00:03:26]} {[%emt
00:03:57]} Ref7 {[%clk 00:01:55]} {[%emt 00:00:46]} 34. R5e2 {[%clk 00:03:08]}
{[%emt 00:00:48]} Qc5 {[%clk 00:01:34]} {[%emt 00:00:51]} 35. Qe5 {[%clk
00:03:29]} {[%emt 00:00:09]} Rf8 {[%clk 00:01:27]} {[%emt 00:00:37]} 36. c3
{[%clk 00:02:56]} {[%emt 00:01:02]} Bb5 {[%clk 00:01:06]} {[%emt 00:00:52]} 37.
b4 {[%clk 00:02:40]} {[%emt 00:00:46]} Qc6 {[%clk 00:01:29]} {[%emt 00:00:07]}
38. Bxb5 {[%clk 00:02:13]} {[%emt 00:00:58]} Qxb5 {[%clk 00:01:40]} {[%emt
00:00:18]} 39. Qd6 {[%clk 00:01:59]} {[%emt 00:00:43]} Qxa6 {[%clk 00:01:13]}
{[%emt 00:00:58]} 40. Rxe6 {[%clk 00:02:23]} {[%emt 00:00:07]} Qa2+ {[%clk
00:01:27]} {[%emt 00:00:15]} 41. Kh3 {[%clk 00:26:50]} {[%emt 00:06:02]} R6f7
{[%clk 00:29:13]} {[%emt 00:02:45]} 42. Re8 {[%clk 00:20:06]} {[%emt 00:07:15]}
Qc4 {[%clk 00:26:37]} {[%emt 00:03:05]} 43. Rxf8+ {[%clk 00:17:26]} {[%emt
00:03:09]} Rxf8 {[%clk 00:27:01]} {[%emt 00:00:07]} 44. Re7 {[%clk 00:16:11]}
{[%emt 00:01:44]} Qf1+ {[%clk 00:26:28]} {[%emt 00:01:03]} 45. Kh2 {[%clk
00:16:13]} {[%emt 00:00:28]} Qf2+ {[%clk 00:26:40]} {[%emt 00:00:18]} 46. Kh3
{[%clk 00:16:25]} {[%emt 00:00:18]} Qf1+ {[%emt 00:00:10]} 1/2-1/2